000 00481nam a2200193Ia 4500
005 20250423095257.0
008 250422s9999 xx 000 0 und d
020 _a0-321-08652-X
050 _aP 90 .D483
100 _aJoseph A. DeVito
245 0 _aEssentials of Human Communication
250 _aFourth Edition
260 _aBoston
260 _bAllyn and Bacon, Inc.
260 _c2002
300 _a450 p
650 _aEssentials of Human Communication
942 _cBK
999 _c29786
_d29786